Resumen de la historia de Chile
Salvato in:
| Autori principali: | , |
|---|---|
| Natura: | Libro |
| Lingua: | spagnolo |
| Pubblicazione: |
Santiago, Chile
Zig-Zag
1966
|
| Edizione: | Sexta edición |
| Soggetti: | |
| Tags: |
Aggiungi Tag
Nessun Tag, puoi essere il primo ad aggiungerne!!
|
MARC
| LEADER | 00000nam a2200000 a 4500 | ||
|---|---|---|---|
| 001 | UCV9433 | ||
| 003 | CL-VaPUC | ||
| 005 | 20210604001527.0 | ||
| 008 | 920929e19660000CL |||||||||||||||||spa|d | ||
| 999 | |c 214772 |d 214770 | ||
| 040 | |c Pontificia Universidad Católica de Valparaíso | ||
| 082 | 0 | 4 | |a 983 ENC 1966 |2 21 |
| 100 | |a Encina, Francisco Antonio |e author |9 515542 | ||
| 245 | 1 | 0 | |a Resumen de la historia de Chile |
| 250 | |a Sexta edición | ||
| 260 | |a Santiago, Chile |b Zig-Zag |c 1966 | ||
| 300 | |a volúmenes | ||
| 583 | |a last modification |c 19920929 00:00:00 |k Rodrigo Vera | ||
| 650 | 0 | |a Historia |9 255047 | |
| 700 | 0 | |a Castedo, Leopoldo |e author |9 303441 | |
| 852 | |a BIBCUR | ||
| 942 | |c BK |2 ddc | ||
| 945 | |d 19920929 00:00:00 |a oaravena | ||
| 952 | |0 0 |1 0 |2 ddc |4 0 |6 983_000000000000000_ENC_1966 |7 0 |8 A |9 198480 |a BIBARQ |b BIBARQ |d 2019-11-14 |h v.1 |i 2659360 |o 983 ENC 1966 |p 2659360 |r 2025-01-20 |t 1 |w 2019-11-14 |y BK |k ARQ | ||
| 952 | |0 0 |1 0 |2 ddc |4 0 |6 983_000000000000000_ENC_1966 |7 0 |8 A |9 198481 |a BIBHIS |b BIBHIS |d 2019-11-14 |h v.1 |i 1253581 |l 2 |o 983 ENC 1966 |p 1253581 |r 2025-01-20 |s 2023-12-04 |t 2 |w 2019-11-14 |y BK |k HIS | ||